Exploring Buddhism
| Main Author: | |
|---|---|
| Format: | Book |
| Published: |
London :
Unwin Hyman Ltd. ,
1987
|
| Subjects: |
MARC
| LEADER | 00000cam a2200000 7i4500 | ||
|---|---|---|---|
| 001 | 0000016607 | ||
| 002 | 000018126 | ||
| 005 | 20000330.0 | ||
| 020 | |a 004294113X | ||
| 090 | 0 | 0 | |a 294.3 |b HUM |
| 100 | 1 | |a Humphreys, Christmas | |
| 245 | 1 | 0 | |a Exploring Buddhism |c Christmas Humphreys |
| 260 | |a London : |b Unwin Hyman Ltd. , |c 1987 | ||
| 300 | |a 191p. ; |c 20cm. | ||
| 650 | 0 | 0 | |a Buddhism |
| 999 | |a 0004837 |b BUKU |c PINJAMAN |e PERPUSTAKAAN KOMUNITI PETALING JAYA | ||